000 01487nam a22003737a 4500
003 CHAP
005 20220329141712.0
008 971013s1979 r 00010 d
010 _a72472
011 _a73444
035 _a83001
040 _cCHAP
090 _aTesis
100 0 0 _aAguirre Rodriguez, Julio Ignacio.
_93033
245 _aExposición de plántulas de jitomate y algodón al filtrado, en medio de cultivo líquido, del hongo Sclerotium rolfsii Sacc. como posible método de selección de germoplasma resistente
260 _aMonterrey, N.L. :
_bEl autor,
_c1979
300 _a30 h.
_b; gráfs.
502 _aTesis (M.C. Esp. en Parasitología Agrícola) -- ITESM. Div. de Ciencias Agropecuarias y Marítimas. Programa de Graduados
590 _aALEPH
_b10
_c20130110
_lUCH01
_h1413
590 _aBATCH-UPD
_b10
_c20130110
_lUCH01
_h0218
590 _aBATCH-UPD
_b10
_c20130110
_lUCH01
_h1354
590 _aBATCH-UPD
_b10
_c20130409
_lUCH01
_h2238
590 _aBATCH-UPD
_b10
_c20130410
_lUCH01
_h1117
590 _aBATCH-UPD
_b10
_c20130914
_lUCH01
_h0107
590 _aCONVERSION
_b10
_c20130109
_lUCH01
_h1340
650 1 4 _aAlgodón
_xVariedades resistentes a enfermedades.
_94069
650 1 4 _aHongos fitopatógenos.
_956132
650 1 4 _aHongos
_xExcreciones tóxicas.
_956100
650 1 4 _aSclerotium rolfsii.
_9103344
650 1 4 _aTomate
_xVariedades resistentes a enfermedades.
_9113778
901 _aBK
942 _cTESIS
949 _bBC
_cTES
_d-37310
_eTS1
_i83001
_si
999 _c72472
_d72472